AH International Schools' Libraries

The story of King Arthur and his knights : (Record no. 48405)

MARC details
000 -LEADER
fixed length control field 02413nam a2200241 4500
020 ## - INTERNATIONAL STANDARD BOOK NUMBER
International Standard Book Number 1402725345
020 ## - INTERNATIONAL STANDARD BOOK NUMBER
International Standard Book Number 1402725035 (hbk.)
020 ## - INTERNATIONAL STANDARD BOOK NUMBER
International Standard Book Number 9781402725340
100 ## - MAIN ENTRY--PERSONAL NAME
Personal name Zamorsky, Tania.
9 (RLIN) 18645
245 14 - TITLE STATEMENT
Title The story of King Arthur and his knights :
Remainder of title retold from the Howard Pyle original /
Statement of responsibility, etc by Tania Zamorsky ; illustrated by Dan Andreasen.
260 ## - PUBLICATION, DISTRIBUTION, ETC. (IMPRINT)
Place of publication, distribution, etc New York :
Name of publisher, distributor, etc Sterling Pub. Co.,
Date of publication, distribution, etc 2006.
300 ## - PHYSICAL DESCRIPTION
Extent vi, 151 p. :
Other physical details ill. ;
Dimensions 20 cm.
490 ## - SERIES STATEMENT
Series statement Classic starts
505 0# - FORMATTED CONTENTS NOTE
Formatted contents note Book of King Arthur: Winning of kinghood: How Sir Kay fought at London Town, broke his sword, and was given a new sword by Arthur -- How Arthur performed the miracle of the sword and discovered his birthright -- Conclusion -- Winning of a sword: How an injured knight appeared at King Arthur's court, how Griflet tried to help, and how the king was sorely wounded when he went to get revenge for them both -- How Merlin brought King Arthur away from the field of battle, how the king found a noble sword, and how he again fought with it and won that battle -- Winning of a queen: How King Arthur went to Cameliard and disguised himself for a certain purpose and how he fought with the Duke of North Umber -- How King Arthur came across four knights in the forest and how the knights served the Lady Guinevere -- How King Arthur beat King Leodegrance's enemies, and revealed his own royalty -- Conclusion -- Book of three worthies: Story of Merlin: How Morgana le Fay planned evil against King Arthur and sent a young girl to trick the wizard Merlin and how Vivien planned Merlin's downfall -- How Morgana le Fay returned to Camelot with a plan to harm King Arthur and what happened to Sir Accalon -- Story of Sir Pellias: How Sir Pellias took up a quest on Queen Guinevere's behalf, overcame a red knight and did battle with Sir Engamore.
520 ## - SUMMARY, ETC.
Summary, etc An abridged version of the adventures and exploits of King Arthur and his knights at the court of Camelot and elsewhere in the land of the Britons.
600 01 - SUBJECT ADDED ENTRY--PERSONAL NAME
Personal name Arthur,
Titles and other words associated with a name King
Form subdivision Legends.
650 #0 - SUBJECT ADDED ENTRY--TOPICAL TERM
Topical term or geographic name as entry element Arthurian romances
Form subdivision Juvenile literature.
9 (RLIN) 86040
650 #1 - SUBJECT ADDED ENTRY--TOPICAL TERM
Topical term or geographic name as entry element Kings, queens, rulers, etc.
650 #1 - SUBJECT ADDED ENTRY--TOPICAL TERM
Topical term or geographic name as entry element Knights and knighthood
Form subdivision Folklore.
9 (RLIN) 47126
650 #1 - SUBJECT ADDED ENTRY--TOPICAL TERM
Topical term or geographic name as entry element Folklore
Geographic subdivision England.
942 ## - ADDED ENTRY ELEMENTS (KOHA)
Source of classification or shelving scheme
Koha item type Book
Holdings
Withdrawn status Lost status Source of classification or shelving scheme Damaged status Not for loan Home library Current library Date acquired Total Checkouts Total Renewals Full call number Barcode Date last seen Date checked out Price effective from Koha item type
          Logos International School Logos International School 02/10/2025 1 2 J FIC ZAM 040354 03/19/2025 03/12/2025 02/10/2025 Book

For any Logos Library related questions please contact Miss Art at swongnarasuk@asianhope.org.

For any Asian Hope Library related questions please contact Miss Raza at graza@asianhope.org.

Powered by Koha